Championnats du Monde Athlétisme 2023: Les pays médaillés - Statistiques

Statistiques générales
  • Ce quiz a été pris 206 fois
  • Le résultat moyen est 28 sur 46
Statistiques - réponses
Réponse % Correct
Etats-Unis
100%
France
98%
Canada
96%
Espagne
95%
Italie
93%
Chine
92%
Japon
91%
Jamaïque
90%
Kenya
90%
Suède
89%
Royaume-Uni
88%
Norvège
87%
Pays-Bas
87%
Australie
85%
Ethiopie
84%
Pologne
84%
Maroc
78%
Brésil
76%
Inde
73%
Grèce
71%
Finlande
70%
Ukraine
70%
Cuba
63%
République Tchèque
59%
Hongrie
58%
Serbie
55%
Qatar
53%
Slovénie
53%
Colombie
48%
Roumanie
46%
Venezuela
46%
Ouganda
44%
Lituanie
43%
Pérou
36%
Equateur
31%
Pakistan
30%
Burkina Faso
29%
Botswana
28%
Israël
27%
République Dominicaine
27%
Barbade
24%
Bahreïn
23%
Philippines
22%
Grenade
20%
Porto Rico
13%
Iles Vierges Britanniques
7%
Aucun quiz correspondant
Distribution des résultats
% des personnes avec chaque résultat
Percentile par nombre de réponses
Votre historique - résultats
Vous n’avez pas pris ce quiz